[Event "FRA-ch U20"]
[Site "Aix les Bains"]
[Date "2006.04.??"]
[Round "8"]
[White "Pile, Richard"]
[Black "Boizante, Yvain"]
[Result "1-0"]
[WhiteElo "2283"]
[BlackElo "2148"]
[PlyCount "45"]
[EventDate "2006.04.??"]
[EventType "swiss"]
[EventRounds "8"]
[EventCountry "FRA"]
[SourceTitle "EXT 2007"]
[Source "ChessBase"]
[SourceDate "2006.11.23"]
[SourceVersion "1"]
[SourceVersionDate "2006.11.23"]
[SourceQuality "1"]

1. e4 c5 2. Nf3 Nf6 3. e5 Nd5 4. Nc3 Nxc3 5. dxc3 Nc6 6. Bf4 Qc7 7. Qd2 e6 8. 0-0-0 h6 9. h4 b6 10. Bd3 Bb7 11. Be4 0-0-0 12. h5 Na5 13. Qe2 Be7 14. Bxb7+ Nxb7 15. g4 d5 16. g5 c4 17. gxh6 gxh6 18. Rdg1 Nc5 19. Nd4 Qd7 20. Kb1 Na4 21. Qe3 Rh7 22. Bxh6 b5 23. Bg5 1-0

[Event "FRA-ch U18"]
[Site "Le Grand Bornand"]
[Date "2003.??.??"]
[Round "8.1"]
[White "Iglesias, Iannis"]
[Black "Boizante, Yvain"]
[Result "1-0"]
[WhiteElo "2033"]
[BlackElo "2156"]
[PlyCount "71"]
[EventDate "2003.??.??"]
[EventType "swiss"]
[EventRounds "9"]
[EventCountry "FRA"]
[SourceTitle "EXT 2004"]
[Source "ChessBase"]
[SourceDate "2003.11.25"]
[SourceVersion "1"]
[SourceVersionDate "2003.11.25"]
[SourceQuality "1"]

1. e4 c5 2. Nc3 Nc6 3. f4 g6 4. Nf3 Bg7 5. Bb5 Nd4 6. 0-0 Nxb5 7. Nxb5 d6 8. a4 Nf6 9. Qe1 0-0 10. d3 Qb6 11. Kh1 Bd7 12. Nc3 Bc6 13. Qh4 c4 14. f5 cxd3 15. cxd3 Qa6 16. Bh6 Qxd3 17. Ng5 Qc4 18. Rac1 Qb3 19. Rf3 Nh5 20. Nd5 Qxb2 21. Rcf1 Bxh6 22. Nxe7+ Kh8 23. fxg6 fxg6 24. Nf7+ Rxf7 25. Rxf7 Qe5 26. Nxc6 bxc6 27. Re7 Bg5 28. Rxe5 Bxh4 29. Re6 Rd8 30. Rf7 Ng7 31. Rxd6 Kg8 32. Rxd8+ Bxd8 33. Rxa7 Ne6 34. a5 Kf8 35. a6 Nc7 36. Rxc7 1-0

[Event "Dieppe op 3rd"]
[Site "Dieppe"]
[Date "2002.07.29"]
[Round "2"]
[White "Delchev, Aleksander"]
[Black "Boizante, Yvain"]
[Result "1-0"]
[WhiteElo "2557"]
[BlackElo "2150"]
[PlyCount "65"]
[EventDate "2002.??.??"]
[EventType "swiss"]
[EventRounds "9"]
[EventCountry "FRA"]
[SourceTitle "EXT 2005"]
[Source "ChessBase"]
[SourceDate "2004.11.15"]
[SourceVersion "1"]
[SourceVersionDate "2004.11.15"]
[SourceQuality "1"]

1. e4 c5 2. Nf3 d6 3. Bb5+ Bd7 4. Bxd7+ Qxd7 5. c4 Nc6 6. 0-0 Nf6 7. Nc3 g6 8. d4 cxd4 9. Nxd4 Bg7 10. Nde2 0-0 11. f3 Rfd8 12. Bg5 h6 13. Bh4 a6 14. a4 Ne5 15. b3 g5 16. Bf2 e6 17. Ra2 Nh5 18. Bb6 Rdc8 19. Rd2 Rc6 20. Bd4 Qe7 21. Kh1 Nf4 22. Nc1 Rd8 23. g3 Nfg6 24. f4 Nd7 25. Bxg7 Kxg7 26. N1e2 Nf6 27. Nd4 Rc5 28. f5 Ne5 29. fxe6 fxe6 30. Nd5 Rxd5 31. exd5 Ne4 32. Nxe6+ Kh8 33. Rd4 1-0

[Event "Dieppe op 3rd"]
[Site "Dieppe"]
[Date "2002.07.28"]
[Round "1"]
[White "Boizante, Yvain"]
[Black "Victor, Daniel"]
[Result "1-0"]
[WhiteElo "2150"]
[BlackElo "1910"]
[PlyCount "63"]
[EventDate "2002.??.??"]
[EventType "swiss"]
[EventRounds "9"]
[EventCountry "FRA"]
[SourceTitle "EXT 2005"]
[Source "ChessBase"]
[SourceDate "2004.11.15"]
[SourceVersion "1"]
[SourceVersionDate "2004.11.15"]
[SourceQuality "1"]

1. e4 e6 2. d4 d5 3. Nc3 Nf6 4. Bg5 Be7 5. e5 Nfd7 6. h4 c5 7. Bxe7 Kxe7 8. Qg4 Kf8 9. Nf3 Nc6 10. Qf4 a5 11. Bd3 Qe7 12. h5 cxd4 13. Ne2 Nb6 14. Nfxd4 Nxd4 15. Nxd4 Bd7 16. g4 Ke8 17. g5 Kd8 18. 0-0-0 Kc7 19. Rh3 Raf8 20. Qd2 Kb8 21. f4 Nc8 22. Qxa5 Na7 23. Ba6 bxa6 24. Qxa6 Bc8 25. Rb3+ Bb7 26. Rdd3 Rc8 27. Rxb7+ Qxb7 28. Rb3 Qxb3 29. axb3 Rc7 30. b4 Rhc8 31. b5 Rc5 32. b6 1-0

[Event "Agneaux St Lo FIDE 07th"]
[Site "Agneaux"]
[Date "2002.07.13"]
[Round "5"]
[White "Boizante, Yvain"]
[Black "Lozachmeur, Yann"]
[Result "1-0"]
[WhiteElo "2150"]
[BlackElo "2045"]
[PlyCount "39"]
[EventDate "2002.07.09"]
[EventType "tourn"]
[EventRounds "9"]
[EventCountry "FRA"]
[SourceTitle "EXT 2003"]
[Source "ChessBase"]
[SourceDate "2002.11.25"]
[SourceVersion "1"]
[SourceVersionDate "2002.11.25"]
[SourceQuality "1"]

1. e4 e6 2. d4 d5 3. Nc3 Nf6 4. Bg5 Be7 5. e5 Nfd7 6. h4 a6 7. Qg4 Bxg5 8. hxg5 c5 9. Nf3 Nc6 10. g6 f5 11. Qf4 h6 12. Ng5 Nxd4 13. Nf7 Qc7 14. Nxh8 Nxc2+ 15. Kd1 Nxa1 16. Nf7 d4 17. Ne4 Qa5 18. Ned6+ Kf8 19. Rxh6 Qa4+ 20. b3 1-0

[Event "FRA-ch U16"]
[Site "Hyeres"]
[Date "2002.??.??"]
[Round "1.11"]
[White "Boizante, Yvain"]
[Black "Korman, Remi"]
[Result "0-1"]
[WhiteElo "2156"]
[BlackElo "1910"]
[PlyCount "60"]
[EventDate "2002.04.05"]
[EventType "swiss"]
[EventRounds "9"]
[EventCountry "FRA"]
[SourceTitle "EXT 2003"]
[Source "ChessBase"]
[SourceDate "2002.11.25"]
[SourceVersion "1"]
[SourceVersionDate "2002.11.25"]
[SourceQuality "1"]

1. e4 c5 2. d4 cxd4 3. c3 e6 4. Nf3 Nc6 5. cxd4 d5 6. e5 Qb6 7. a3 f6 8. exf6 Nxf6 9. Nc3 a6 10. Bd3 Bd6 11. 0-0 0-0 12. Re1 Bd7 13. b4 Rae8 14. Bb2 e5 15. Na4 Qc7 16. dxe5 Nxe5 17. Nxe5 Bxe5 18. Bxe5 Rxe5 19. Rc1 Rxe1+ 20. Qxe1 Qd6 21. Nc5 Ng4 22. g3 Nxf2 23. Qxf2 Rxf2 24. Kxf2 Qh6 25. Rh1 Qd2+ 26. Be2 Bb5 27. Re1 d4 28. Kf1 d3 29. Bf3 Qb2 30. Re8+ Bxe8 0-1